Reading Material Coastal Engineering CE - 824 Fall 1988 / (Record no. 2068)

000 -LEADER
fixed length control field 00248 a2200085 4500
082 ## - DEWEY DECIMAL CLASSIFICATION NUMBER
Classification number 620.414 COA
245 ## - TITLE STATEMENT
Title Reading Material Coastal Engineering CE - 824 Fall 1988 /
Statement of responsibility, etc. Coastal Engineering
260 ## - PUBLICATION, DISTRIBUTION, ETC.
Date of publication, distribution, etc. 1988
300 ## - PHYSICAL DESCRIPTION
Extent v, 115p. :
Other physical details ill. ;
Dimensions 27 cm
650 ## - SUBJECT ADDED ENTRY--TOPICAL TERM
Topical term or geographic name entry element Coastal Engineering
Holdings
Withdrawn status Lost status Damaged status Not for loan Permanent Location Current Location Shelving location Date acquired Total Checkouts Full call number Barcode Date last seen Price effective from Koha item type
        School of Civil and Environmental Engineering (SCEE) School of Civil and Environmental Engineering (SCEE)       620.414 COA NIT-116 01/05/2017 01/05/2017 Book
© 2023 Central Library, National University of Sciences and Technology. All Rights Reserved.